| 000 | 00438nam a2200181Ia 4500 | ||
|---|---|---|---|
| 001 | 23697 | ||
| 005 | 20260414150954.0 | ||
| 008 | 260414t1997||||xx |||||||||||||| ||spa|| | ||
| 041 | _aESP | ||
| 082 |
_a690.523 _bH23 |
||
| 100 |
_aHassan, George _eAUT |
||
| 245 | 0 |
_aInstalaciones y servicios en la edificación _b |
|
| 260 | _c1997 | ||
| 300 |
_a438 pƔginas : _c23 cm. |
||
| 650 | _a0 | ||
| 654 | _aCIC | ||
| 942 |
_cLIB _dJUS _fJUS _2ddc _n |
||
| 999 |
_c23697 _d23697 |
||